[Event "I Cerrado U.E.Montcada 2013"]
[Site "Montcada i Reixac ESP"]
[Date "2013.02.15"]
[Round "1.1"]
[White "Camacho Collados, Jose"]
[Black "Martinez Ramirez, Erik"]
[Result "1-0"]
[WhiteElo "2330"]
[BlackElo "2302"]
[PlyCount "111"]
[EventDate "2013.02.15"]
[EventType "tourn"]
[EventRounds "9"]
[EventCountry "ESP"]
[EventCategory "6"]
[Source "lmi"]
[SourceDate "2013.02.14"]

1. Nf3 Nf6 2. g3 g6 3. Bg2 Bg7 4. d4 O-O 5. O-O d5 6. c4 Nc6 7. cxd5 Nxd5 8.
Nc3 Nb6 9. d5 Na5 10. Qc2 c6 11. dxc6 Nxc6 12. Rd1 Qe8 13. Qe4 Bf5 14. Qh4 f6
15. g4 Be6 16. b3 g5 17. Bxg5 fxg5 18. Nxg5 h6 19. Nxe6 Bxc3 20. Qxh6 Rf7 21.
Qg6+ Rg7 22. Qxe8+ Rxe8 23. Nxg7 Bxg7 24. Bxc6 bxc6 25. Rac1 Rc8 26. Rc5 Bb2
27. e3 Ba3 28. Ra5 Bd6 29. Rxa7 Nd5 30. Rb7 Nc3 31. Rd2 Ne4 32. Rc2 Kf7 33. f3
Ng5 34. Kg2 Ne6 35. b4 Ra8 36. b5 c5 37. b6 Rh8 38. f4 Nd8 39. Ra7 Nc6 40. Ra3
Nb4 41. Rd2 Rb8 42. Rb3 Rxb6 43. a3 Nd5 44. Rxb6 Nxb6 45. Rb2 Nd5 46. Kf3 c4
47. Rc2 c3 48. h4 e5 49. f5 Bxa3 50. e4 Nf4 51. Rxc3 Bb4 52. Rc7+ Kg8 53. g5
Bf8 54. Rb7 Bc5 55. f6 Ne6 56. g6 1-0

[Event "I Cerrado U.E.Montcada 2013"]
[Site "Montcada i Reixac ESP"]
[Date "2013.02.15"]
[Round "1.2"]
[White "Espinoza Palomino, Willyam"]
[Black "Cruz, Cristhian"]
[Result "1/2-1/2"]
[WhiteElo "2284"]
[BlackElo "2505"]
[PlyCount "30"]
[EventDate "2013.02.15"]
[EventType "tourn"]
[EventRounds "9"]
[EventCountry "ESP"]
[EventCategory "6"]
[Source "lmi"]
[SourceDate "2013.02.14"]

1. e4 c5 2. Nf3 Nc6 3. d4 cxd4 4. Nxd4 Nf6 5. Nc3 e5 6. Ndb5 h6 7. Nd6+ Bxd6 8.
Qxd6 Qe7 9. Qxe7+ Kxe7 10. Be3 d6 11. O-O-O Be6 12. f3 Rac8 13. Kb1 a6 14. Be2
Nb8 15. Rd2 Nbd7 1/2-1/2

[Event "I Cerrado U.E.Montcada 2013"]
[Site "Montcada i Reixac ESP"]
[Date "2013.02.15"]
[Round "1.3"]
[White "Gomez Jurado, Luis Alberto"]
[Black "Asis Gargatagli, Hipolito"]
[Result "0-1"]
[WhiteElo "2255"]
[BlackElo "2456"]
[PlyCount "98"]
[EventDate "2013.02.15"]
[EventType "tourn"]
[EventRounds "9"]
[EventCountry "ESP"]
[EventCategory "6"]
[Source "lmi"]
[SourceDate "2013.02.14"]

1. c4 Nf6 2. g3 e5 3. Bg2 c6 4. d4 e4 5. Nc3 d5 6. Bg5 Bb4 7. Qb3 Bxc3+ 8. Qxc3
O-O 9. f3 dxc4 10. Bxf6 Qxf6 11. fxe4 c5 12. e5 Qf5 13. d5 Nd7 14. Nf3 Nb6 15.
Rd1 Qh5 16. h3 Rd8 17. e4 Re8 18. Qe3 Nd7 19. g4 Qh6 20. g5 Qh5 21. Qf4 Nf8 22.
O-O Bxh3 23. Bxh3 Qxh3 24. Nh2 Qd7 25. Ng4 Ng6 26. Qg3 Qa4 27. Rd2 c3 28. bxc3
Qxe4 29. d6 Rad8 30. Re1 Qf5 31. Nh2 Rxe5 32. Rxe5 Nxe5 33. Rd5 Qb1+ 34. Nf1
Nd7 35. Qe3 Qxa2 36. Qe7 Rf8 37. Ne3 Qe2 38. Ng2 Qc4 39. Ne3 Qxc3 40. Kf2 Qb2+
41. Kf3 Qb5 42. Rf5 a5 43. Rf4 a4 44. Qe4 a3 45. Nd5 Qf1+ 46. Kg3 Qg1+ 47. Kh3
Qxg5 48. Ne7+ Kh8 49. Rg4 Nf6 0-1

[Event "I Cerrado U.E.Montcada 2013"]
[Site "Montcada i Reixac ESP"]
[Date "2013.02.15"]
[Round "1.4"]
[White "Lorenzo De La Riva, Lazaro"]
[Black "Panelo, Marcelo"]
[Result "0-1"]
[WhiteElo "2436"]
[BlackElo "2429"]
[PlyCount "156"]
[EventDate "2013.02.15"]
[EventType "tourn"]
[EventRounds "9"]
[EventCountry "ESP"]
[EventCategory "6"]
[Source "lmi"]
[SourceDate "2013.02.14"]

1. e4 e5 2. Nf3 Nc6 3. Bc4 Nf6 4. d4 exd4 5. e5 d5 6. Bb5 Ne4 7. Nxd4 Bc5 8.
O-O O-O 9. Bxc6 bxc6 10. f3 f6 11. exf6 Qxf6 12. Be3 Nd6 13. Bf2 Bd7 14. Nc3
Nc4 15. b3 Ne5 16. Na4 Bd6 17. Ne2 Qg6 18. Bg3 Rae8 19. Rf2 Ng4 20. fxg4 Rxf2
21. Bxf2 Bxg4 22. Qd3 Rxe2 23. Qxg6 hxg6 24. c3 a6 25. b4 Bf5 26. Nc5 Bxc5 27.
Bxc5 Be4 28. g3 g5 29. a4 Rg2+ 30. Kf1 Rc2 31. Bd4 Kf7 32. Rd1 Ke6 33. Ke1 Rxh2
34. Rd2 Rh1+ 35. Kf2 g6 36. a5 Kf5 37. Ke3 g4 38. Ba7 Rg1 39. Rf2+ Bf3 40. Rh2
Be4 41. Rf2+ Kg5 42. Ke2 Bf3+ 43. Kd2 Rxg3 44. Bb8 Rg1 45. Bxc7 Kf5 46. Ke3
Re1+ 47. Kd4 Re4+ 48. Kc5 Rc4+ 49. Kb6 Rxc3 50. Kxa6 d4 51. Kb6 d3 52. a6 Ra3
53. a7 Ra4 54. Rb2 Ke6 55. Bg3 Kd5 56. Bf2 Kc4 57. Bg3 Kc3 58. Be5+ Kc4 59. Bg3
g5 60. Be1 Kd4 61. Bg3 Kc4 62. Be1 Be4 63. Bg3 Ra3 64. Be1 Ra1 65. Bg3 Kd4 66.
Rb1 Ra2 67. Rb2 Ra1 68. Rb1 Ra4 69. Rb2 Ke3 70. Be1 g3 71. Bd2+ Kf3 72. Bc3 g2
73. Bd4 c5 74. Bxc5 Ra1 75. b5 g1=Q 76. Bxg1 Rxg1 77. Kc7 Ra1 78. b6 Ke3 0-1

[Event "I Cerrado U.E.Montcada 2013"]
[Site "Montcada i Reixac ESP"]
[Date "2013.02.15"]
[Round "1.5"]
[White "Perez Mitjans, Orelvis"]
[Black "Herraiz Hidalgo, Herminio"]
[Result "1/2-1/2"]
[WhiteElo "2487"]
[BlackElo "2476"]
[PlyCount "28"]
[EventDate "2013.02.15"]
[EventType "tourn"]
[EventRounds "9"]
[EventCountry "ESP"]
[EventCategory "6"]
[Source "lmi"]
[SourceDate "2013.02.14"]

1. e4 c5 2. Nf3 Nc6 3. Bb5 g6 4. O-O Bg7 5. c3 Nf6 6. Qa4 a6 7. Re1 Na5 8. Bf1
b5 9. Qd1 Bb7 10. e5 Nd5 11. d4 cxd4 12. cxd4 Rc8 13. a4 Rxc1 14. Qxc1 Nb3
1/2-1/2

[Event "I Cerrado U.E.Montcada 2013"]
[Site "Montcada i Reixac ESP"]
[Date "2013.02.17"]
[Round "2.1"]
[White "Martinez Ramirez, Erik"]
[Black "Herraiz Hidalgo, Herminio"]
[Result "1/2-1/2"]
[WhiteElo "2302"]
[BlackElo "2476"]
[PlyCount "103"]
[EventDate "2013.02.15"]
[EventType "tourn"]
[EventRounds "9"]
[EventCountry "ESP"]
[EventCategory "6"]
[Source "lmi"]
[SourceDate "2013.02.14"]

1. e4 e5 2. Nf3 Nc6 3. d4 exd4 4. Nxd4 Bc5 5. Nxc6 Qf6 6. Qf3 bxc6 7. Bc4 d6 8.
Nd2 Qxf3 9. gxf3 Ne7 10. Nb3 Bb6 11. Be3 Be6 12. Ba6 O-O 13. O-O-O Rab8 14.
Rhg1 Bxe3+ 15. fxe3 Rb6 16. Bd3 Rfb8 17. f4 c5 18. f5 Bxb3 19. axb3 Nc6 20. Kd2
Ne5 21. Kc3 c6 22. Ra1 R6b7 23. Ra4 Rd8 24. Rga1 Rdd7 25. b4 cxb4+ 26. Rxb4
Rxb4 27. Kxb4 Kf8 28. h3 Ke7 29. Kc3 g5 30. b4 Kf6 31. b5 cxb5 32. Bxb5 Rc7+
33. Kd2 h5 34. Be2 g4 35. hxg4 hxg4 36. c4 Nxc4+ 37. Bxc4 Rxc4 38. Rxa7 Rxe4
39. Rd7 g3 40. Ke2 g2 41. Rxd6+ Kxf5 42. Kf2 Rg4 43. Rd5+ Ke6 44. Rd1 Ke5 45.
Kg1 f5 46. Rd2 Rg3 47. Rxg2 Rxe3 48. Rh2 Rb3 49. Kf2 Kf4 50. Rh4+ Kg5 51. Rc4
f4 52. Rc8 1/2-1/2

[Event "I Cerrado U.E.Montcada 2013"]
[Site "Montcada i Reixac ESP"]
[Date "2013.02.17"]
[Round "2.2"]
[White "Panelo, Marcelo"]
[Black "Perez Mitjans, Orelvis"]
[Result "1-0"]
[WhiteElo "2429"]
[BlackElo "2487"]
[PlyCount "119"]
[EventDate "2013.02.15"]
[EventType "tourn"]
[EventRounds "9"]
[EventCountry "ESP"]
[EventCategory "6"]
[Source "lmi"]
[SourceDate "2013.02.14"]

1. d4 Nf6 2. c4 g6 3. Nc3 Bg7 4. e4 d6 5. f3 O-O 6. Be3 c5 7. Nge2 Nc6 8. d5
Ne5 9. Ng3 e6 10. Be2 exd5 11. cxd5 h5 12. O-O Nh7 13. Qd2 h4 14. Nh1 f5 15.
Nf2 Bd7 16. Kh1 Qf6 17. exf5 gxf5 18. Nh3 a6 19. Nf4 Qf7 20. Rg1 b5 21. Rae1
Rae8 22. Nd1 Kh8 23. b3 Bf6 24. Nf2 Re7 25. N2h3 Rfe8 26. Bf2 Bc8 27. Bd1 b4
28. Bc2 Ng6 29. Rxe7 Nxe7 30. Rd1 Ng6 31. Ne6 Bxe6 32. dxe6 Qxe6 33. Qxd6 Qxd6
34. Rxd6 Re2 35. Bxf5 Ngf8 36. Bxc5 Kg7 37. Bxb4 Rxa2 38. Rd1 Rb2 39. Rb1 Ra2
40. Nf4 Kf7 41. Nd5 Bg5 42. Nc3 Rd2 43. Bxf8 Nxf8 44. Ne4 Rd8 45. Nxg5+ Kf6 46.
Nh7+ Kxf5 47. Nxf8 Rxf8 48. Ra1 Rf6 49. Ra5+ Kf4 50. Ra4+ Ke3 51. Rxh4 Rb6 52.
Re4+ Kf2 53. h4 Rxb3 54. Kh2 a5 55. Ra4 Rb4 56. Ra2+ Ke3 57. Rxa5 Rxh4+ 58. Kg3
Rh8 59. Re5+ Kd4 60. f4 1-0

[Event "I Cerrado U.E.Montcada 2013"]
[Site "Montcada i Reixac ESP"]
[Date "2013.02.17"]
[Round "2.3"]
[White "Asis Gargatagli, Hipolito"]
[Black "Lorenzo De La Riva, Lazaro"]
[Result "1-0"]
[WhiteElo "2456"]
[BlackElo "2436"]
[PlyCount "123"]
[EventDate "2013.02.15"]
[EventType "tourn"]
[EventRounds "9"]
[EventCountry "ESP"]
[EventCategory "6"]
[Source "lmi"]
[SourceDate "2013.02.14"]

1. e4 e6 2. d4 d5 3. Nd2 Nf6 4. Bd3 c5 5. e5 Nfd7 6. c3 Nc6 7. Ngf3 Be7 8. O-O
g5 9. dxc5 Nxc5 10. Bc2 g4 11. Nd4 Nxe5 12. f4 Nc6 13. Qxg4 e5 14. Nxc6 bxc6
15. Qg7 Bf6 16. Qh6 e4 17. Nb3 Qd6 18. Be3 Nxb3 19. axb3 Bf5 20. Kh1 Rg8 21.
Bc5 Qe6 22. Ra6 Be7 23. Qxe6 fxe6 24. b4 Bxc5 25. bxc5 Ke7 26. b4 Rgd8 27. Ba4
d4 28. cxd4 Rab8 29. Rxa7+ Rd7 30. Ra5 Rxb4 31. Bxc6 Rdxd4 32. Ra7+ Kf6 33. h3
Rb2 34. Rd7 Rxd7 35. Bxd7 e3 36. Re1 e2 37. Kg1 Bd3 38. Bc6 Rc2 39. Bf3 Rxc5
40. Bxe2 Be4 41. Bf1 Bd5 42. Re2 Rc3 43. Kf2 Rc4 44. g3 Rc3 45. Rd2 h6 46. Be2
Ra3 47. h4 Kf5 48. Rd4 Ra2 49. g4+ Kf6 50. Ke3 Ra3+ 51. Bd3 Ra5 52. g5+ Kg7 53.
Be4 Ra3+ 54. Rd3 Rxd3+ 55. Kxd3 Ba2 56. Kd4 hxg5 57. fxg5 Bb3 58. h5 Bd1 59.
h6+ Kf7 60. g6+ Kf6 61. g7 e5+ 62. Kc3 1-0

[Event "I Cerrado U.E.Montcada 2013"]
[Site "Montcada i Reixac ESP"]
[Date "2013.02.17"]
[Round "2.4"]
[White "Cruz, Cristhian"]
[Black "Gomez Jurado, Luis Alberto"]
[Result "1/2-1/2"]
[WhiteElo "2505"]
[BlackElo "2255"]
[PlyCount "69"]
[EventDate "2013.02.15"]
[EventType "tourn"]
[EventRounds "9"]
[EventCountry "ESP"]
[EventCategory "6"]
[Source "lmi"]
[SourceDate "2013.02.14"]

1. Nf3 Nf6 2. g3 d5 3. Bg2 g6 4. c4 e6 5. O-O Bg7 6. d4 O-O 7. Qc2 Na6 8. a3
Ne4 9. Rd1 c5 10. dxc5 Naxc5 11. Be3 Qb6 12. Ra2 dxc4 13. Nbd2 Nxd2 14. Nxd2 e5
15. Raa1 Qb5 16. Bxc5 Qxc5 17. b4 Qc7 18. Qxc4 Qxc4 19. Nxc4 e4 20. Rac1 f5 21.
f3 Be6 22. fxe4 Rac8 23. exf5 gxf5 24. Nd6 Rxc1 25. Rxc1 Bb2 26. Rb1 Bd4+ 27.
Kh1 f4 28. Rd1 Bb2 29. Rd3 b6 30. a4 fxg3 31. hxg3 Rd8 32. Nb5 Rxd3 33. exd3 a5
34. Nc7 Bf7 35. bxa5 1/2-1/2

[Event "I Cerrado U.E.Montcada 2013"]
[Site "Montcada i Reixac ESP"]
[Date "2013.02.22"]
[Round "3.1"]
[White "Espinoza Palomino, Willyam"]
[Black "Martinez Ramirez, Erik"]
[Result "1-0"]
[WhiteElo "2284"]
[BlackElo "2302"]
[PlyCount "117"]
[EventDate "2013.02.15"]
[EventType "tourn"]
[EventRounds "9"]
[EventCountry "ESP"]
[EventCategory "6"]
[Source "lmi"]
[SourceDate "2013.02.14"]

1. e4 c5 2. Nf3 g6 3. d4 cxd4 4. Nxd4 Bg7 5. Nc3 Nc6 6. Be3 Nf6 7. Bc4 O-O 8.
Bb3 a5 9. O-O a4 10. Nxa4 Nxe4 11. Nb5 d5 12. c3 e6 13. f3 Nf6 14. Bb6 Qd7 15.
Nc7 Rb8 16. Nc5 Qe7 17. Re1 Rd8 18. Kh1 Nd7 19. Nxd5 Qxc5 20. Bxc5 Nxc5 21. Bc2
Rxd5 22. Qe2 b6 23. Rad1 Ba6 24. Qe3 Ne7 25. Rxd5 Nxd5 26. Qd2 Bc4 27. Ra1 Rd8
28. a3 Rd7 29. Qf2 Bd3 30. Bd1 Bh6 31. Be2 Be3 32. Qe1 Bh6 33. g3 Ne3 34. Bxd3
Nxd3 35. Qe2 Nc4 36. b3 Na5 37. Rb1 Bf8 38. a4 Bg7 39. Kg2 Bxc3 40. Rd1 Ne1+
41. Kf1 Rc7 42. Qb5 Nxf3 43. Qxb6 Rc8 44. Rd8+ Rxd8 45. Qxd8+ Kg7 46. Qd3 Nd2+
47. Ke2 Ndxb3 48. Qxc3+ f6 49. g4 e5 50. Ke3 h5 51. gxh5 gxh5 52. Ke4 Kg6 53.
Kd5 Kf7 54. h4 Kg6 55. Qb4 Kg7 56. Kd6 Kh6 57. Ke6 Kg6 58. Qe4+ Kg7 59. Qg2+
1-0

[Event "I Cerrado U.E.Montcada 2013"]
[Site "Montcada i Reixac ESP"]
[Date "2013.02.22"]
[Round "3.2"]
[White "Gomez Jurado, Luis Alberto"]
[Black "Camacho Collados, Jose"]
[Result "0-1"]
[WhiteElo "2255"]
[BlackElo "2330"]
[PlyCount "156"]
[EventDate "2013.02.15"]
[EventType "tourn"]
[EventRounds "9"]
[EventCountry "ESP"]
[EventCategory "6"]
[Source "lmi"]
[SourceDate "2013.02.14"]

1. c4 Nf6 2. g3 c5 3. Nc3 g6 4. Bg2 Bg7 5. e4 Nc6 6. Nge2 O-O 7. O-O Ne8 8. d3
Nc7 9. Be3 Ne6 10. Qd2 Ned4 11. Bh6 Ne5 12. Nxd4 cxd4 13. Bxg7 Kxg7 14. Ne2 Qb6
15. b4 a5 16. a3 d6 17. f4 Ng4 18. Rfc1 f6 19. c5 Qd8 20. c6 bxc6 21. h3 Nh6
22. Nxd4 axb4 23. Nxc6 Qb6+ 24. Qf2 Qxf2+ 25. Kxf2 Rxa3 26. Nxb4 Rb3 27. Rab1
Rxb1 28. Rxb1 Rf7 29. Rc1 Bb7 30. Rc7 e5 31. Rxf7+ Nxf7 32. Ke3 Nd8 33. d4
exf4+ 34. gxf4 f5 35. d5 fxe4 36. Bxe4 Bc8 37. Bg2 Nf7 38. Nd3 Nh6 39. Nf2 Nf5+
40. Kd2 Ne7 41. Kc3 Bb7 42. Kc4 Nf5 43. Be4 Ba6+ 44. Kc3 Ng3 45. Bd3 Bc8 46.
Kd4 Kf6 47. Ke3 Ke7 48. Kf3 Nh5 49. Ng4 Nf6 50. Nxf6 Kxf6 51. Bf1 Bf5 52. Ke3
Bc2 53. Be2 Bf5 54. Bf1 Kg7 55. Bg2 Kh6 56. Kf2 Bd3 57. Bf3 Kg7 58. Bg2 Kf6 59.
Ke3 Bc2 60. Bf3 Bb3 61. Bg2 Bd1 62. Bf1 g5 63. Bg2 h6 64. Be4 Bh5 65. Bd3 Bf7
66. Be4 Be8 67. Bg2 Bd7 68. Bf1 Bc8 69. Bg2 Kg6 70. Kf3 h5 71. fxg5 Kxg5 72.
h4+ Kxh4 73. Kf4 Bg4 74. Bf1 Bh3 75. Bc4 Bg2 76. Bb3 Kh3 77. Bd1 h4 78. Bf3 Kh2
0-1

[Event "I Cerrado U.E.Montcada 2013"]
[Site "Montcada i Reixac ESP"]
[Date "2013.02.22"]
[Round "3.4"]
[White "Perez Mitjans, Orelvis"]
[Black "Asis Gargatagli, Hipolito"]
[Result "0-1"]
[WhiteElo "2487"]
[BlackElo "2456"]
[PlyCount "64"]
[EventDate "2013.02.15"]
[EventType "tourn"]
[EventRounds "9"]
[EventCountry "ESP"]
[EventCategory "6"]
[Source "lmi"]
[SourceDate "2013.02.14"]

1. e4 e5 2. Nf3 Nc6 3. Nc3 Nf6 4. g3 d5 5. exd5 Nxd5 6. Bg2 Nxc3 7. bxc3 Bc5 8.
O-O O-O 9. d3 Bg4 10. Qe1 f6 11. a4 Qd7 12. a5 Rae8 13. Qe4 Kh8 14. Nd2 Nd8 15.
Nb3 Bd6 16. Qa4 Qc8 17. Be3 b6 18. axb6 axb6 19. Rfe1 f5 20. h3 Bh5 21. Qh4 Bg6
22. Bg5 Qd7 23. Qa4 Qf7 24. Bxd8 Rxd8 25. Nd2 e4 26. Nc4 f4 27. g4 f3 28. Bf1
Bg3 29. dxe4 Qf4 30. Rad1 Bxf2+ 31. Kxf2 Qh2+ 32. Ke3 Qg1# 0-1

[Event "I Cerrado U.E.Montcada 2013"]
[Site "Montcada i Reixac ESP"]
[Date "2013.02.22"]
[Round "3.5"]
[White "Herraiz Hidalgo, Herminio"]
[Black "Panelo, Marcelo"]
[Result "1/2-1/2"]
[WhiteElo "2476"]
[BlackElo "2429"]
[PlyCount "43"]
[EventDate "2013.02.15"]
[EventType "tourn"]
[EventRounds "9"]
[EventCountry "ESP"]
[EventCategory "6"]
[Source "lmi"]
[SourceDate "2013.02.14"]

1. d4 Nf6 2. c4 e6 3. Nc3 Bb4 4. Qc2 O-O 5. a3 Bxc3+ 6. Qxc3 d5 7. Nf3 dxc4 8.
Qxc4 b6 9. Bg5 Ba6 10. Qa4 c5 11. dxc5 bxc5 12. Rd1 Qb6 13. Bxf6 gxf6 14. e3
Bxf1 15. Kxf1 Nc6 16. g3 Rfd8 17. Kg2 Ne7 18. Rxd8+ Rxd8 19. Rd1 Rxd1 20. Qxd1
Ng6 21. Qe2 Qb7 22. e4 1/2-1/2

[Event "I Cerrado U.E.Montcada 2013"]
[Site "Montcada i Reixac ESP"]
[Date "2013.02.24"]
[Round "4.3"]
[White "Cruz, Cristhian"]
[Black "Perez Mitjans, Orelvis"]
[Result "1/2-1/2"]
[WhiteElo "2505"]
[BlackElo "2487"]
[PlyCount "29"]
[EventDate "2013.02.15"]
[EventType "tourn"]
[EventRounds "9"]
[EventCountry "ESP"]
[EventCategory "6"]
[Source "lmi"]
[SourceDate "2013.02.14"]

1. d4 d5 2. c4 c6 3. Nf3 Nf6 4. cxd5 cxd5 5. Nc3 Nc6 6. Bf4 a6 7. e3 Bg4 8. Be2
e6 9. O-O Bd6 10. Bxd6 Qxd6 11. Rc1 O-O 12. Nd2 Bxe2 13. Qxe2 Rfc8 14. Na4 Nd7
15. Nc5 1/2-1/2

[Event "I Cerrado U.E.Montcada 2013"]
[Site "Montcada i Reixac ESP"]
[Date "2013.02.24"]
[Round "4.4"]
[White "Camacho Collados, Jose"]
[Black "Lorenzo De La Riva, Lazaro"]
[Result "1/2-1/2"]
[WhiteElo "2330"]
[BlackElo "2436"]
[PlyCount "61"]
[EventDate "2013.02.15"]
[EventType "tourn"]
[EventRounds "9"]
[EventCountry "ESP"]
[EventCategory "6"]
[Source "lmi"]
[SourceDate "2013.02.14"]

1. Nf3 Nf6 2. g3 b5 3. Bg2 Bb7 4. O-O e6 5. d3 c5 6. e4 d6 7. a4 a6 8. axb5
axb5 9. Rxa8 Bxa8 10. Na3 b4 11. Nc4 Be7 12. e5 dxe5 13. Nfxe5 Bxg2 14. Kxg2
O-O 15. Qf3 Nd5 16. Re1 f6 17. Ng4 Nc6 18. c3 Qd7 19. Nge3 Nxe3+ 20. Rxe3 Rb8
21. Re1 Bf8 22. Qe4 Qd5 23. Bf4 Qxe4+ 24. dxe4 e5 25. Be3 Ra8 26. Kf3 Ra2 27.
Rd1 bxc3 28. bxc3 Rc2 29. Rd3 Nd4+ 30. cxd4 cxd4 31. Na3 1/2-1/2

[Event "I Cerrado U.E.Montcada 2013"]
[Site "Montcada i Reixac ESP"]
[Date "2013.02.24"]
[Round "4.5"]
[White "Espinoza Palomino, Willyam"]
[Black "Gomez Jurado, Luis Alberto"]
[Result "1/2-1/2"]
[WhiteElo "2284"]
[BlackElo "2255"]
[PlyCount "40"]
[EventDate "2013.02.15"]
[EventType "tourn"]
[EventRounds "9"]
[EventCountry "ESP"]
[EventCategory "6"]
[Source "lmi"]
[SourceDate "2013.02.14"]

1. e4 c6 2. Nc3 d5 3. Nf3 Bg4 4. h3 Bxf3 5. Qxf3 e6 6. d4 Nf6 7. Bd3 Be7 8. O-O
dxe4 9. Nxe4 Nbd7 10. Rd1 O-O 11. Bf4 Nxe4 12. Bxe4 Nf6 13. Bd3 Qd5 14. Qe2 Qh5
15. Qe1 Nd5 16. Bg3 Rad8 17. Be2 Qg6 18. Bd3 Qh5 19. Be2 Qg6 20. Bd3 Qh5
1/2-1/2

[Event "I Cerrado U.E.Montcada 2013"]
[Site "Montcada i Reixac ESP"]
[Date "2013.03.08"]
[Round "5.1"]
[White "Gomez Jurado, Luis Alberto"]
[Black "Martinez Ramirez, Erik"]
[Result "1-0"]
[WhiteElo "2255"]
[BlackElo "2302"]
[PlyCount "79"]
[EventDate "2013.02.15"]
[EventType "tourn"]
[EventRounds "9"]
[EventCountry "ESP"]
[EventCategory "6"]
[Source "lmi"]
[SourceDate "2013.02.14"]

1. c4 Nf6 2. g3 g6 3. Bg2 d5 4. cxd5 Nxd5 5. Nc3 Nb6 6. d3 Bg7 7. Be3 Nc6 8.
Qd2 Nd4 9. Nf3 e5 10. h4 h6 11. O-O c6 12. b4 Qe7 13. Ne4 Nd5 14. Rab1 Bg4 15.
Bxd4 exd4 16. Nc5 a5 17. Nb3 Bxf3 18. exf3 Qxb4 19. Rfe1+ Kd8 20. Qc1 Qc3 21.
Qd1 Re8 22. Rxe8+ Kxe8 23. Nd2 Qxd3 24. Bf1 Qa3 25. Rxb7 Qxa2 26. Nc4 Kf8 27.
Rb2 Nc3 28. Qe1 Qa4 29. Rb7 Nd5 30. Nb6 Qb4 31. Qxb4+ Nxb4 32. Nxa8 d3 33. Nb6
Bc3 34. Nd7+ Ke8 35. Nc5 d2 36. Be2 f5 37. f4 Nd5 38. h5 Bb4 39. Ne6 Nc3 40.
Bf3 1-0

[Event "I Cerrado U.E.Montcada 2013"]
[Site "Montcada i Reixac ESP"]
[Date "2013.03.08"]
[Round "5.2"]
[White "Lorenzo De La Riva, Lazaro"]
[Black "Espinoza Palomino, Willyam"]
[Result "0-1"]
[WhiteElo "2436"]
[BlackElo "2284"]
[PlyCount "62"]
[EventDate "2013.02.15"]
[EventType "tourn"]
[EventRounds "9"]
[EventCountry "ESP"]
[EventCategory "6"]
[Source "lmi"]
[SourceDate "2013.02.14"]

1. d4 Nf6 2. c4 e6 3. Nc3 Bb4 4. e3 c5 5. Bd3 Nc6 6. Nf3 Bxc3+ 7. bxc3 d6 8. g4
Nxg4 9. Rg1 e5 10. d5 Ne7 11. Nh4 Nf6 12. e4 Ng6 13. Nf5 Rg8 14. Be3 Bxf5 15.
exf5 Nf8 16. Rb1 Qc7 17. f3 N8d7 18. a4 Nh5 19. Kd2 Nf4 20. Bxf4 exf4 21. Qe1+
Ne5 22. Qe4 O-O-O 23. Qxf4 Qe7 24. a5 Rde8 25. Rg2 Qh4 26. Qxh4 Nxf3+ 27. Kc2
Nxh4 28. Rf2 Re3 29. Kd2 Rge8 30. Be2 Kc7 31. Rg1 Rxe2+ 0-1

[Event "I Cerrado U.E.Montcada 2013"]
[Site "Montcada i Reixac ESP"]
[Date "2013.03.08"]
[Round "5.3"]
[White "Perez Mitjans, Orelvis"]
[Black "Camacho Collados, Jose"]
[Result "1-0"]
[WhiteElo "2487"]
[BlackElo "2330"]
[PlyCount "118"]
[EventDate "2013.02.15"]
[EventType "tourn"]
[EventRounds "9"]
[EventCountry "ESP"]
[EventCategory "6"]
[Source "lmi"]
[SourceDate "2013.02.14"]

1. e4 c5 2. Nf3 Nc6 3. Bb5 g6 4. Bxc6 dxc6 5. h3 Bg7 6. d3 Nf6 7. Nc3 Nd7 8.
Be3 e5 9. Qd2 h6 10. O-O Qe7 11. a4 Nf8 12. a5 Ne6 13. Na4 Nd4 14. Nh2 Be6 15.
b3 g5 16. Rfe1 Bf8 17. Reb1 Qf6 18. Qd1 h5 19. c3 Nb5 20. Qd2 Be7 21. Nxc5 Bxc5
22. Bxc5 g4 23. h4 Qxh4 24. c4 Nd4 25. Bxd4 exd4 26. Qf4 Qe7 27. b4 Rg8 28. Nf1
h4 29. Rb2 Rg6 30. Nd2 Qg5 31. Qc7 Qe7 32. Qe5 Qf6 33. Qd6 Qd8 34. Qc5 g3 35.
f4 Bc8 36. f5 Rh6 37. Nf3 Qd6 38. Qxd6 Rxd6 39. Nxh4 Bd7 40. Nf3 O-O-O 41. Ne5
Be8 42. c5 Rh6 43. Rf1 Rh4 44. f6 Rh5 45. Nc4 Bd7 46. Rf3 Rdh8 47. Rxg3 Rh1+
48. Kf2 Rd1 49. Ne5 Kc7 50. Nxf7 Rhh1 51. Rf3 Bg4 52. Rf4 Bh5 53. Ne5 Rde1 54.
f7 Rhf1+ 55. Kg3 Rxf4 56. Kxf4 Rf1+ 57. Kg3 Bxf7 58. Rf2 Rxf2 59. Kxf2 b6 1-0

[Event "I Cerrado U.E.Montcada 2013"]
[Site "Montcada i Reixac ESP"]
[Date "2013.03.08"]
[Round "5.4"]
[White "Herraiz Hidalgo, Herminio"]
[Black "Cruz, Cristhian"]
[Result "1/2-1/2"]
[WhiteElo "2476"]
[BlackElo "2505"]
[PlyCount "101"]
[EventDate "2013.02.15"]
[EventType "tourn"]
[EventRounds "9"]
[EventCountry "ESP"]
[EventCategory "6"]
[Source "lmi"]
[SourceDate "2013.02.14"]

1. d4 e6 2. c4 Nf6 3. Nc3 d5 4. Bg5 Be7 5. e3 h6 6. Bh4 O-O 7. Nf3 b6 8. Bd3
Bb7 9. O-O Nbd7 10. Qe2 c5 11. cxd5 Nxd5 12. Bxe7 Qxe7 13. Ba6 Nxc3 14. bxc3
Rab8 15. Bxb7 Rxb7 16. a4 Rc8 17. h3 Nf6 18. Ne5 Ne4 19. Qd3 Nd6 20. Rfd1 Rbc7
21. a5 c4 22. Qe2 b5 23. e4 a6 24. Rab1 Nb7 25. Qa2 Rd8 26. Re1 Rcc8 27. d5 Qd6
28. Nc6 Re8 29. Rbd1 e5 30. Rf1 Nc5 31. Qe2 Nd3 32. Qe3 Rxc6 33. dxc6 Qxc6 34.
Ra1 Re6 35. Rfd1 Rf6 36. Ra2 Rd6 37. Rad2 Qc7 38. Ra1 Kh7 39. Kh2 Qb7 40. Rad1
Rg6 41. Rxd3 cxd3 42. Qxd3 Rf6 43. f3 Qc7 44. Ra1 Rd6 45. Qe3 Rc6 46. Ra3 Qd6
47. Ra1 Qc5 48. Qxc5 Rxc5 49. Rd1 Rc6 50. Rd7 Kg6 51. Rb7 1/2-1/2

[Event "I Cerrado U.E.Montcada 2013"]
[Site "Montcada i Reixac ESP"]
[Date "2013.03.08"]
[Round "5.5"]
[White "Panelo, Marcelo"]
[Black "Asis Gargatagli, Hipolito"]
[Result "0-1"]
[WhiteElo "2429"]
[BlackElo "2456"]
[PlyCount "57"]
[EventDate "2013.02.15"]
[EventType "tourn"]
[EventRounds "9"]
[EventCountry "ESP"]
[EventCategory "6"]
[Source "lmi"]
[SourceDate "2013.02.14"]

1. d4 Nf6 2. c4 e6 3. Nf3 c5 4. d5 d6 5. Nc3 exd5 6. cxd5 g6 7. Bf4 Bg7 8. Qa4+
Bd7 9. Qb3 b5 10. Bxd6 Qb6 11. Be5 O-O 12. e3 b4 13. Nb1 Bf5 14. Nbd2 Nbd7 15.
Bf4 a5 16. Nh4 Be4 17. Nxe4 Nxe4 18. Qc2 b3 19. axb3 Qb4+ 20. Kd1 a4 21. Rxa4
Rxa4 22. bxa4 Bxb2 23. Bd3 c4 24. Be2 Nc3+ 25. Ke1 Ra8 26. Kf1 Rxa4 27. g4 Ra2
28. Kg2 Ba3 29. Rb1 0-1

[Event "I Cerrado U.E.Montcada 2013"]
[Site "Montcada i Reixac ESP"]
[Date "2013.03.10"]
[Round "6.1"]
[White "Martinez Ramirez, Erik"]
[Black "Asis Gargatagli, Hipolito"]
[Result "0-1"]
[WhiteElo "2302"]
[BlackElo "2456"]
[PlyCount "72"]
[EventDate "2013.02.15"]
[EventType "tourn"]
[EventRounds "9"]
[EventCountry "ESP"]
[EventCategory "6"]
[Source "lmi"]
[SourceDate "2013.02.14"]

1. e4 Nf6 2. e5 Nd5 3. c4 Nb6 4. d4 d6 5. exd6 exd6 6. Nc3 Nc6 7. Be3 Be7 8.
Qf3 Be6 9. b3 O-O 10. Bd3 Nb4 11. Bb1 a5 12. a3 Nc6 13. Qh5 g6 14. Qd1 Bf6 15.
Nge2 d5 16. c5 Nd7 17. h4 Re8 18. Ra2 Bg4 19. Nxd5 Bxh4 20. Kf1 Bg5 21. Nxc7
Rxe3 22. Nxa8 Nxc5 23. fxe3 Bxe3 24. Ke1 Nxd4 25. b4 Qf6 26. Rf1 Qh4+ 27. g3
Qh2 28. Qxd4 Bxd4 29. bxc5 Bxc5 30. Be4 Bxa3 31. Bd5 Bb4+ 32. Kd1 Qxg3 33.
Bxf7+ Kh8 34. Bc4 Qc3 35. Nb6 Qd4+ 36. Kc1 Qxb6 0-1